| 000 | 00487pam a2200157a 44500 | ||
|---|---|---|---|
| 008 | 230405s2010 xxu||||| |||| 00| 0 eng d | ||
| 082 |
_a _bNIN |
||
| 100 | _aNinan,Jincy, | ||
| 245 | _aStudy to Assess the Effectiveness of Planned Teaching on Knowledge of First Aid Management among School Teachers in a selected Schools in Pune City. | ||
| 260 |
_a _b _c2010 |
||
| 502 | _atext | ||
| 700 | _aAbraham,Sara | ||
| 700 | _aLobo, Valentina | ||
| 700 | _aVarghese,Lincy | ||
| 906 | _a004158 | ||
| 999 |
_c252229 _d252229 |
||